Music Quiz

Random Music or Song Quiz

AC/DC Songs Quiz Stats

 Plays Quiz Updated Nov 15, 2020

Support Sporcle.
Go Orange.
Score 0/169 Timer 20:00
4 Plays Today
Album Song % Correct
Back in BlackBack In Black
78.9%
Highway to HellHighway To Hell
74.3%
Dirty Deeds Done Dirt CheapDirty Deeds Done Dirt Cheap
67.4%
High VoltageHigh Voltage
61.2%
Let There Be RockLet There Be Rock
60.7%
For Those About to Rock We Salute YouFor Those About To Rock (We Salute You)
59.6%
The Razors EdgeThunderstruck
58.5%
High VoltageT.N.T
57.7%
Back in BlackHells Bells
55.6%
Back in BlackYou Shook Me All Night Long
51.9%
Fly on the WallFly On The Wall
49.1%
Flick of the SwitchFlick of the Switch
48.7%
BallbreakerBallbreaker
48.5%
Stiff Upper LipStiff Upper Lip
48%
Black IceBlack Ice
47.4%
The Razors EdgeThe Razor's Edge
43.9%
Rock or BustRock or Bust
43.5%
Power UpShot in the Dark
43.5%
Dirty Deeds Done Dirt CheapBig Balls
43.2%
Let There Be RockWhole Lotta Rosie
41%
Back in BlackShoot To Thrill
40.7%
High VoltageIt's A Long Way to the Top (If You Wanna Rock 'N' Roll)
40.1%
High VoltageThe Jack
38.6%
Back in BlackRock And Roll Ain't Noise Pollution
36.6%
Power UpRealize
35%
The Razors EdgeMoney Talks
34.9%
Back in BlackHave A Drink On Me
33.3%
Power UpDemon Fire
32.6%
Black IceRock N Roll Train
32.3%
Back in BlackGiven The Dog a Bone
31.7%
Highway to HellIf You Want Blood (You Got It)
31.3%
Highway to HellGirls Got Rhythm
30.3%
Dirty Deeds Done Dirt CheapProblem Child
30.2%
Let There Be RockProblem Child
30.2%
Power UpWitch's Spell
29.5%
Highway to HellNight Prowler
29.3%
Power UpCode Red
29.2%
Power UpRejection
28.8%
High VoltageLive Wire
28.6%
Highway to HellTouch Too Much
28.4%
Power UpThrough the Mists of Time
28.4%
Let There Be RockHell Ain't a Bad Place to Be
27.9%
Dirty Deeds Done Dirt CheapRide On
27.8%
Highway to HellShot Down In Flames
27.8%
PowerageSin City
27.8%
Back in BlackWhat Do You Do For Money Honey
27.5%
Back in BlackShake A Leg
27.5%
PowerageRiff Raff
27.4%
Dirty Deeds Done Dirt CheapRocker
27.4%
Let There Be RockDog Eat Dog
27.3%
PowerageRock 'N' Roll Damnation
27.1%
Blow Up Your VideoHeatseeker
26.9%
High VoltageShe's Got Balls
26.9%
Power UpMoney Shot
26.8%
High VoltageCan I Sit Next to You Girl
26.8%
Back in BlackLet Me Put My Love Into You
26.7%
Fly on the WallSink The Pink
26.3%
Album Song % Correct
High VoltageRock 'n' Roll Singer
25.4%
Power UpKick You When You're Down
25%
Highway to HellBeating Around The Bush
24.7%
Highway to HellWalk All Over You
24.6%
For Those About to Rock We Salute YouC.O.D
24.6%
Dirty Deeds Done Dirt CheapSquealer
24.1%
BallbreakerHard As A Rock
24%
The Razors EdgeMistress For Christmas
23.7%
Dirty Deeds Done Dirt CheapAin't No Fun (Waiting Round To Be A Millionaire)
23.5%
Let There Be RockBad Boy Boogie
23.4%
Let There Be RockGo Down
22.7%
High VoltageLittle Lover
22.7%
The Razors EdgeAre You Ready
22.6%
Black IceBig Jack
22.5%
Power UpNo Man's Land
22.3%
Power UpSystems Down
22%
PowerageDown Payment Blues
21.8%
PowerageGone Shootin'
21.8%
Fly on the WallShake Your Foundations
21.7%
Let There Be RockOverdose
21.7%
The Razors EdgeFire Your Guns
21.6%
Black IceWar Machine
21.4%
Highway to HellGet It Hot
21.2%
Stiff Upper LipSafe In New York City
21.1%
Rock or BustPlay Ball
21%
PowerageKicked In The Teeth
20.9%
For Those About to Rock We Salute YouEvil Walks
20.9%
Highway to HellLove Hungry Man
20.9%
Power UpWild Reputation
20.7%
For Those About to Rock We Salute YouLets Get It Up
20.1%
For Those About to Rock We Salute YouNight of the Long Knives
20%
PowerageWhat's Next To The Moon
20%
BallbreakerHail Caesar
19.9%
Dirty Deeds Done Dirt CheapLove At First Feel
19.7%
For Those About to Rock We Salute YouInject The Venom
19.7%
Flick of the SwitchBedlam In Belgium
19.4%
Flick of the SwitchGuns For Hire
19%
BallbreakerCover You In Oil
18.9%
PowerageGimme A Bullet
18.9%
For Those About to Rock We Salute YouSnowballed
18.7%
Blow Up Your VideoThat's The Way I Wanna Rock 'N' Roll
18.5%
Fly on the WallDanger
18.3%
Flick of the SwitchNervous Shakedown
18.2%
For Those About to Rock We Salute YouSpellbound
18.1%
PowerageUp To My Neck In You
18.1%
Dirty Deeds Done Dirt CheapThere's Gonna Be Some Rockin'
17.9%
For Those About to Rock We Salute YouPut The Finger On You
17.6%
Flick of the SwitchBadlands
17%
Flick of the SwitchRising Power
16.9%
Black IceAnything Goes
16.6%
The Razors EdgeGot You By The Balls
16.4%
Flick of the SwitchBrain Shake
16.4%
Black IceRock 'N' Roll Dream
16.2%
Stiff Upper LipSatellite Blues
16%
BallbreakerThe Furor
15.7%
Black IceDecibel
15.7%
Flick of the SwitchThis House Is on Fire
15.6%
Album Song % Correct
Fly on the WallHell or High Water
15.4%
BallbreakerBoogie Man
15.4%
Flick of the SwitchLandslide
15.3%
Blow Up Your VideoGo Zone
15.2%
Blow Up Your VideoThis Means War
15.2%
Black IceWheels
15.2%
Blow Up Your VideoMeanstreak
15%
Stiff Upper LipHouse Of Jazz
15%
BallbreakerWhiskey On The Rocks
14.9%
PowerageCold Hearted Man
14.9%
Blow Up Your VideoTwo's Up
14.9%
Black IceSkies On Fire
14.9%
Black IceStormy May Day
14.9%
Black IceShe Likes Rock N Roll
14.8%
Fly on the WallPlaying With Girls
14.7%
Fly on the WallBack in Business
14.7%
Blow Up Your VideoRuff Stuff
14.6%
For Those About to Rock We Salute YouBreaking The Rules
14.4%
Black IceMoney Made
14.3%
The Razors EdgeGoodbye & Good Riddance To Bad Luck
14.2%
BallbreakerCaught With Your Pants Down
14.1%
The Razors EdgeIf You Dare
14%
Fly on the WallFirst Blood
14%
Stiff Upper LipMeltdown
13.9%
Blow Up Your VideoKissin' Dynamite
13.8%
BallbreakerThe Honey Roll
13.6%
Rock or BustDogs of War
13.6%
Rock or BustRock the Blues Away
13.6%
Fly on the WallSend for the Man
13.4%
Fly on the WallStand Up
13.4%
The Razors EdgeShot Of Love
13.2%
Stiff Upper LipCan't Stop Rock 'N' Roll
13.2%
Stiff Upper LipCan't Stand Still
13.1%
Flick of the SwitchDeep In The Hole
13%
The Razors EdgeRock Your Heart Out
13%
BallbreakerLove Bomb
12.9%
Rock or BustEmission Control
12.7%
The Razors EdgeLets Make It
12.7%
Black IceSpoilin' For A Fight
12.6%
Rock or BustBaptism by Fire
12.5%
Blow Up Your VideoNick Of Time
12.5%
Stiff Upper LipDamned
12.5%
BallbreakerBurnin' Alive
12.2%
Rock or BustSweet Candy
12%
Blow Up Your VideoSome Sin For Nuthin'
12%
Rock or BustMiss Adventure
11.7%
Black IceSmash N' Grab
11.6%
Black IceRocking All The Way
11%
Stiff Upper LipAll Screwed Up
10.4%
Stiff Upper LipHold Me Back
10.4%
Stiff Upper LipGive It Up
10.4%
Rock or BustRock the House
10.3%
Stiff Upper LipCome And Get It
10.3%
Rock or BustHard Times
10.2%
Rock or BustGot Some Rock & Roll Thunder
10.2%

From the Vault

Simple Math Minefield (1-100)

by Answer

Science 6m
Your precious calculator can't help you here!
Remove Ads.
Support Sporcle.
Get the best of Sporcle when you Go Orange. This ad-free experience offers more features, more stats, and more fun while also helping to support Sporcle. Thank you for becoming a member.

Show Comments

Extras

Top Quizzes Today


Score Distribution

Your Account Isn't Verified!

In order to create a playlist on Sporcle, you need to verify the email address you used during registration. Go to your Sporcle Settings to finish the process.

Report this User

Report this user for behavior that violates our Community Guidelines.

Details: